Southville International School and Colleges
Your cart is empty.
  • Cart
  • Lists
    Public lists Eva Luna New books Lux_list list_1
    Your lists Log in to create your own lists
  • Log in to your account
  • Your cookies
  • Search history
Southville International School and Colleges
  • Advanced search
  • Recent comments
  • Most popular
  • Libraries

Log in to your account

Log in with GOOGLE


If you do not have an external account, but do have a local account, you can still log in:

  1. Home
  2. MARC view: My Filipino connection :
Normal view MARC view ISBD view

My Filipino connection : (Record no. 297764)

[ view plain ]
MARC details
000 -LEADER
fixed length control field 00482nam a22001577a 4500
003 - CONTROL NUMBER IDENTIFIER
control field SISC
005 - DATE AND TIME OF LATEST TRANSACTION
control field 20160720103104.0
008 - FIXED-LENGTH DATA ELEMENTS--GENERAL INFORMATION
fixed length control field 160720b xxu||||| |||| 00| 0 eng d
020 ## - INTERNATIONAL STANDARD BOOK NUMBER
International Standard Book Number 9789712726538
050 ## - LIBRARY OF CONGRESS CALL NUMBER
Classification number PN 2917
Item number .N439 2012
100 ## - MAIN ENTRY--PERSONAL NAME
Personal name Nepales, Ruben V.
245 ## - TITLE STATEMENT
Title My Filipino connection :
Remainder of title the Philippines in hollywood /
Statement of responsibility, etc Ruben V. Napales.
260 ## - PUBLICATION, DISTRIBUTION, ETC. (IMPRINT)
Place of publication, distribution, etc Mandaluyong City :
Name of publisher, distributor, etc Anvil,
Date of publication, distribution, etc 2012.
300 ## - PHYSICAL DESCRIPTION
Extent xiii, 115 pages :
Other physical details illustrations ;
Dimensions 23 cm.
942 ## - ADDED ENTRY ELEMENTS (KOHA)
Source of classification or shelving scheme Library of Congress Classification
Koha item type Books
Holdings
Withdrawn status Lost status Source of classification or shelving scheme Damaged status Home library Current library Shelving location Date acquired Source of acquisition Sub Shelving location Total Checkouts Full call number Barcode Date last seen Price effective from Koha item type
    Library of Congress Classification   College Library College Library Filipiniana Section 07/20/2016 Library Fund     PN 2917 .N439 2012 C20623 05/08/2018 07/20/2016 Books

My Filipino connection :

APA

Nepales R. V., . (2012). My Filipino connection. Mandaluyong City: Anvil.

Chicago

Nepales Ruben V, . 2012. My Filipino connection. Mandaluyong City: Anvil.

Harvard

Nepales R. V., . (2012). My Filipino connection. Mandaluyong City: Anvil.

MLA

Nepales Ruben V, . My Filipino connection. Mandaluyong City: Anvil. 2012.

  • Place hold
  • Print
  • Cite
  • Add to your cart (remove)
  • Save record
    BIBTEX Dublin Core MARCXML MARC (non-Unicode/MARC-8) MARC (Unicode/UTF-8) MARC (Unicode/UTF-8, Standard) MODS (XML) RIS
  • More searches
    Search for this title in:
    Other Libraries (WorldCat) Other Databases (Google Scholar) Online Stores (Bookfinder.com) Open Library (openlibrary.org)

Exporting to Dublin Core...

SOUTHVILLE LIBRARY

Southville International School and Colleges Library

1281 Tropical Ave. Cor. Luxembourg St., BF Homes International, Las Pinas City

Tel. No. 8256374 / 252358 Loc. 117/146

Powered by Koha